Trastornos De Ansiedad En Mujeres Víctimas De Violencia Doméstica Asistidas En La Unidad De Atención A La Violencia Intrafamiliar Y De Género En Santiago República Dominicana, Periodo Julio-Octubre 2011 (Record no. 4970)

MARC details
000 -LEADER
campo de control de longitud fija 02859nam a2200577Ia 4500
001 - NÚMERO DE CONTROL
campo de control 5268
008 - DATOS DE LONGITUD FIJA--INFORMACIÓN GENERAL
campo de control de longitud fija 241029s9999 xx 000 0 und d
010 ## - NÚMERO DE CONTROL DE LA BIBLIOTECA DEL CONGRESO
Número de control de LC 4970
041 ## - CÓDIGO DE IDIOMA
Código de lengua del texto/banda sonora o título independiente Español
082 ## - NÚMERO DE LA CLASIFICACIÓN DECIMAL DEWEY
Número de clasificación PSI-20
245 #0 - MENCIÓN DEL TÍTULO
Título Trastornos De Ansiedad En Mujeres Víctimas De Violencia Doméstica Asistidas En La Unidad De Atención A La Violencia Intrafamiliar Y De Género En Santiago República Dominicana, Periodo Julio-Octubre 2011
260 ## - PUBLICACIÓN, DISTRIBUCIÓN, ETC.
Lugar de publicación, distribución, etc. Duarte
300 ## - DESCRIPCIÓN FÍSICA
Extensión 100
520 ## - RESUMEN, ETC.
Sumario, etc. 26
520 ## - RESUMEN, ETC.
Sumario, etc. El objetivo general del presente estudio buscó analizar la incidencia de los trastornos de ansiedad en mujeres víctimas de violencia doméstica asistidas en la unidad de atención a la violencia Intrafamiliar y de genero en Santiago de los Caballeros período Julio-Octubre 2011. Se realizó un estudio descriptivo, usando un diseño  no experimental con un enfoque cuantitativo. La población objeto de esta investigación está representada por las mujeres víctimas de violencia Intrafamiliar referidas por la magistrada fiscal adjunto al departamento de evaluación psicológica.Fue seleccionada una muestra que estuvo compuesta por 50 mujeres. Como instrumento se utilizó un cuestionario con preguntas cerradas y una entrevista a profundidad. Después de haber analizado los datos arrojados:Se puede concluir que, se ha alcanzado el objetivo, ya que se ha podido identificar que el trastorno de ansiedad generalizada como el principal trastorno además presentan trastornos de pánico y trastornos obsesivo (TOC)Se recomienda dar mayor atención a los resultados de los test que se le hacen a las víctimas antes de ser remitidas a la unidad. Ampliar el rango de acción y aplicar terapias enfocadas al tratamiento de los trastornos.
630 ## - PUNTO DE ACCESO ADICIONAL DE MATERIA--TÍTULO UNIFORME
Título uniforme Actitudes
630 ## - PUNTO DE ACCESO ADICIONAL DE MATERIA--TÍTULO UNIFORME
Título uniforme Ansiedad
630 ## - PUNTO DE ACCESO ADICIONAL DE MATERIA--TÍTULO UNIFORME
Título uniforme Aptitudes
630 ## - PUNTO DE ACCESO ADICIONAL DE MATERIA--TÍTULO UNIFORME
Título uniforme Capital Humano
630 ## - PUNTO DE ACCESO ADICIONAL DE MATERIA--TÍTULO UNIFORME
Título uniforme Conducta Humana
650 ## - PUNTO DE ACCESO ADICIONAL DE MATERIA--TÉRMINO DE MATERIA
Término de materia o nombre geográfico como elemento de entrada Violencia
690 ## - PUNTO DE ACCESO ADICIONAL DE MATERIA LOCAL--TÉRMINO DE MATERIA (OCLC, RLIN)
Término de materia o nombre geográfico como elemento inicial Sintetizado
700 ## - ENTRADA AGREGADA--NOMBRE PERSONAL
Término indicativo de función/relación asesor
Nombre de persona Viloria Santos, Juan Francisco
700 ## - ENTRADA AGREGADA--NOMBRE PERSONAL
Término indicativo de función/relación autor
Nombre de persona Inoa Gómez, Wilson José
700 ## - ENTRADA AGREGADA--NOMBRE PERSONAL
Término indicativo de función/relación autor
Nombre de persona Domínguez Estévez, Eulalio
901 ## - ELEMENTOS DE DATOS A LOCAL LDA (RLIN)
a {"1":"Inoa Gómez","2":"Domínguez Estévez"}
b {"1":"Wilson José","2":"Eulalio"}
902 ## - ELEMENTOS DE DATOS B LOCAL, LDB (RLIN)
a 1
903 ## - ELEMENTOS DE DATOS C LOCAL, LDC (RLIN)
a {"1":"Viloria Santos"}
b {"1":"Juan Francisco"}
904 ## - ELEMENTOS DE DATOS D LOCAL, LDD (RLIN)
a Maestría en
905 ## - ELEMENTOS DE DATOS E LOCAL, LDE (RLIN)
a Terapia Familiar
906 ## - ELEMENTOS DE DATOS F LOCAL, LDF (RLIN)
a 2
907 ## - ELEMENTOS DE DATOS G LOCAL, LDG (RLIN)
a NO APLICA
908 ## - COLOCAR PARÁMETRO DE COMANDO (RLIN)
Colocar parámetro de comando NO APLICA
909 ## -
-- Universidad Autónoma de Santo Domingo (UASD)
910 ## - DATOS DE OPCIÓN DEL USUARIO (OCLC)
Datos de opción del usuario NULL
-- NULL
911 ## - EQUIVALENCIA O REFERENCIA-CRUZADA-NOMBRE DE CONFERENCIA O REUNIÓN/CONGRESO [LOCAL, CANADÁ]
Nombre de congreso/reunión o jurisdicción como elemento de entrada ["1"]
912 ## -
-- NO APLICA
913 ## -
-- NULL
914 ## -
-- 03 de Agosto de 2015
915 ## -
-- 31/01/17 05:01
916 ## -
-- NULL
917 ## -
-- NULL
918 ## -
-- NO APLICA
919 ## -
-- ["6","17","22","31","46"]
921 ## -
-- 28
922 ## -
-- 28
923 ## -
-- 0
924 ## -
-- NO APLICA
942 ## - ELEMENTOS DE ENTRADA SECUNDARIOS (KOHA)
Tipo de ítem Koha

No items available.

© 2024. Todos los Derechos Reservados. Desarrollado por IDEICE